000 00861nam a22002531u 4500
001 04966
003 HDC
007 cr bn ---
008 210118p my go d 00 mayg
040 _aHDC
110 _aGCC Standardization Organization
245 4 _aThe Role of GSO on "Halal" Food Products /
_cby Eng. Saud rashed Al Askar
260 _a[No Place] :
_b[publisher not identified],
_c2008
300 _a22 pages :
_billustrations
336 _atext
_2rdacontent
337 _acomputer
_2rdamedia
338 _aonline resource
_2rdacarrier
650 _aHalal food
_950
650 _aHalal industry
_9144
856 _zRequest full-text at [email protected]
942 _2lcc
942 _cSLIDE
942 _kSLID 000548
999 _c2290
_d2290